zpět

Detail výsledku týmu

Baarovka, České Budějovice

Datum a čas kvízu

20.5 Celkem bodů Celkový počet nahraných bodů na tomto kvízu bez doplňovacích otázek.
6. Pořadí na kvízu Konečné umístění týmu na tomto kvízu.

Zaznamenané odpovědi

# Otázka Odpověď Body Výsledky
1. Úředník obce Včelná na Českobu... Proti Adamu Vojtěchovi. 1
2. Na poznávacích značkách vozide... UK 1
3. Na filmovém festivalu ve franc... Jodie Fosterová 0
4. V Londýně byla minulý týden za... Leonardo Da Vinci 1
5. Napište jména obou finalistek... Karolína Plíšková, Ashleigh Bartyová 0.5
6. Letošní turnaj byl výjimečný v... Ázerbájdžán, Rumunsko 0
7. Patrik Schick vstřelil na turn... Chorvatska 0
8. Přiřaďte týmy k jejich umístěn... 1C 2B 3A 4D 0
9. Za půl bodu napište jméno česk... Tomáš Holeš, číslo 9 0.5
10. Neuvěřitelné štěstí měl sázkař... C 1